| 000 | 00379nam a2200157Ia 4500 | ||
|---|---|---|---|
| 003 | GCL | ||
| 008 | 140319s9999 xx 000 0 ara d | ||
| 040 |
_aGCL / _cGCL |
||
| 082 | 0 | 4 |
_aد _b050 |
| 245 | 1 | 0 | _aبطل السند (اقرا 142 ) |
| 300 | _a128 | ||
| 490 |
_aاقرأ _v0 |
||
| 650 | 0 | 4 | _aالرجال - تراجم |
| 650 | 0 | 4 | _aمحمد بن قاسم |
| 942 |
_2ddc _cBK |
||
| 999 |
_c48692 _d48692 |
||